Ο προορισμός του ανθρώπου ήτοι: τις είναι ο σκοπός της υπάρξεως και της ζωής του ανθρώπου και: τίνι τρόπω επιτυγχάνεται ούτος

Saved in:
Bibliographic Details
Main Author: Ματθόπουλος, Ευσέβιος, 1849-1929
Format: Book
Language:Greek
Published: Αθήναι : Αδελφότης Θεολόγων "Η Ζωή", 1974
Edition:14η έκδ.
Subjects:
Tags: Add Tag
No Tags, Be the first to tag this record!

MARC

LEADER 00000cam a2200000 i 4500
001 1/56773
008 040604s1974 gre d
035 |l 10073658 
040 |a GR-MY-UA  |b gre  |e aacr 
041 0 |a gre 
082 0 |a 193.3 
100 1 |a Ματθόπουλος, Ευσέβιος,   |d 1849-1929. 
245 1 2 |a Ο προορισμός του ανθρώπου ήτοι: τις είναι ο σκοπός της υπάρξεως και της ζωής του ανθρώπου και: τίνι τρόπω επιτυγχάνεται ούτος /  |c Αρχιμ. Ευσέβιου Ματθόπουλου 
250 |a 14η έκδ. 
260 |a Αθήναι :   |b Αδελφότης Θεολόγων "Η Ζωή",   |c 1974 
300 |a 395 σ. 
650 0 0 |a Human beings. 
650 0 0 |a Faith. 
852 |a INST  |b RHODES  |c AKA  |e 20040604  |h  193.3 ΜΑΤ  |p 005400018920  |q 005400018920  |t BK  |y 0 
901 |a BIBL4-2004-2 
909 |a Ρ  |b 109593 
970 |a Κουλακιότη  |b Λίτσα  |z 2004/06/04